| 000 | 01689nam0a2200373 4500 | ||
|---|---|---|---|
| 001 | RU\NLR\BIBL_A\022294572 | ||
| 005 | 20241211152423.0 | ||
| 010 |
_a978-5-09-113094-2 _93000 |
||
| 021 |
_aRU _bКН-П-24-035390 _9КН-П-24-3565 |
||
| 021 |
_aRU _bКН-П-24-080314 _9КН-П-24-8018 |
||
| 035 | _a(NLR Aleph) 022294572 | ||
| 090 |
_a13324089 _c13324089 |
||
| 100 | _a20240809d2024 u y0rusy50 ca | ||
| 101 | 0 | _arus | |
| 102 | _aRU | ||
| 105 | _aa z 000yy | ||
| 181 | 0 |
_ai3 _baxxe |
|
| 182 | 0 | _an | |
| 200 | 1 |
_aВеликан на поляне, или Первые уроки экологической этики _eкнига для учащихся начальных классов _fА. А. Плешаков, А. А. Румянцев |
|
| 203 |
_aТекст _bвизуальный _cнепосредственный |
||
| 205 | _a12-е изд., стер. | ||
| 210 |
_aМосква _cПросвещение _d2024 |
||
| 215 |
_a159, [1] с. _cил., цв. ил. _d23 |
||
| 225 | 1 | _aЗеленый дом | |
| 333 | _a6+ | ||
| 517 | 1 | _aПервые уроки экологической этики | |
| 606 | 1 |
_aЭкологическая этика _jУчебные издания для начальной школы _2nlr_sh1 _2nlr_sh2 _3RU\NLR\AUTH\661198633 |
|
| 686 | 1 | _aЮ701.532я721 | |
| 700 | 1 |
_aПлешаков _bА. А. _f1958- _gАндрей Анатольевич _3RU\NLR\AUTH\77300 |
|
| 701 | 1 |
_aРумянцев _bА. А. _cбиолог _gАлександр Анатольевич _3RU\NLR\AUTH\7730416 |
|
| 942 | _cBOOK | ||
| 980 | _aNB | ||